Greek mathematical thought and the origin of algebra
Guardat en:
| Autor principal: | |
|---|---|
| Format: | Llibre |
| Idioma: | anglès |
| Publicat: |
Nueva York
Dover
1992
|
| Col·lecció: | Dover Books on Mathematics
|
| Matèries: | |
| Etiquetes: |
Afegir etiqueta
Sense etiquetes, Sigues el primer a etiquetar aquest registre!
|
MARC
| LEADER | 00000nam a2200000 a 4500 | ||
|---|---|---|---|
| 001 | UCO7092 | ||
| 003 | CL-VaPUC | ||
| 008 | 001110e19920000US |||||||||||||||||eng|d | ||
| 082 | 0 | 4 | |a 512.009 |b KLE |2 21 |
| 100 | |a Klein, Jacob |e author |9 451753 | ||
| 245 | 1 | 0 | |a Greek mathematical thought and the origin of algebra |
| 300 | |a 360 p | ||
| 942 | |c BK | ||
| 945 | |d 20001110 00:00:00 |a vberengu | ||
| 260 | |a Nueva York |b Dover |c 1992 | ||
| 650 | 0 | |a Álgebra |x Historia |9 451754 | |
| 650 | 0 | |a Aritmética |9 270049 | |
| 650 | 0 | |a Ciencias matemáticas |9 354013 | |
| 650 | 0 | |a Teoría de números |9 265327 | |
| 583 | |a last modification |c 20001110 00:00:00 |k Rodrigo Vera | ||
| 490 | 0 | |a Dover Books on Mathematics | |
| 999 | |c 292299 |d 292297 | ||
| 952 | |0 0 |1 0 |4 0 |6 512_009000000000000_KLE_1992 |7 0 |8 A |9 343077 |a BIBMAT |b BIBMAT |d 2019-11-20 |i 366239K |l 1 |o 512.009 KLE 1992 |p 366239K |r 2025-01-07 |s 2022-08-31 |w 2019-11-20 |y BK |k MAT | ||